000 00820cam a22002653a 4500
001 3158
003 PGUSA
005 20140828083026.0
008 020401s2002||||xxu|||||s|||||000 | eng d
040 _aPGUSA
_beng
042 _adc
050 4 _aPR
100 1 _aTaylor, Tom,
_d1817-1880
245 1 0 _aOur American Cousin
_h[electronic resource] /
_cTom Taylor
260 _bProject Gutenberg,
_c2002
500 _aNote of interest: This was the play Abraham Lincoln was watching when he was assassinated.
506 _aPublic domain in the USA.
516 _aElectronic text
653 _aComedies
653 _aAristocracy (Social class) -- England -- Drama
653 _aAmericans -- England -- Drama
830 0 _aProject Gutenberg
_v3158
856 4 0 _uhttp://www.gutenberg.org/ebooks/3158
942 _cEB
999 _c232487
_d232487